000 nam a22 7a 4500
999 _c9991
_d9991
008 180209b ||||| |||| 00| 0 eng d
100 _aLangley,A.
_94660
245 _aHistory of Britain The Tuders (1485-1603)
260 _bHeinemann
_c1994